000 00570nam a2200229Ia 4500
003 OSt
005 20221005124932.0
006 a|||||r|||| 00| 0
007 ta
008 221004b |||||||| |||| 00| 0 eng d
024 _a117177
037 _cTextual
040 _aCRL
_cCRL
_beng
041 _2eng
_aeng
100 _aduderstadt James
_9635989
245 0 _aNuclear reactor analysis
260 _c1976
650 _aPHYSICS
700 _a Hamilton Louis J
_9635990
942 _cTEXL
_2cc
999 _c1052188
_d1052188